Anna Livia plurabelle: Finnegans Wake, I, VIII

Gardado en:
Detalles Bibliográficos
Autor Principal: Joyce, James Augustine (Author)
Formato: Libro
Idioma:inglés
Lingua castelá
Publicado: Madrid Eds. Cátedra 1992
Series:Colección Letras Universales, 178
Subjects:
Tags: Engadir etiqueta
Sen Etiquetas, Sexa o primeiro en etiquetar este rexistro!

MARC

LEADER 00000nam a2200000 a 4500
001 UCV9988
003 CL-VaPUC
005 20201204110948.0
008 930825e19920000SP |||||||||||||||||eng|d
999 |c 215251  |d 215249 
040 |c Pontificia Universidad Católica de Valparaíso 
041 0 7 |a eng  |2 CL-VaPUC 
041 0 7 |a spa  |2 CL-VaPUC 
082 0 4 |a 928  |b JOY  |2 21 
100 |a Joyce, James Augustine  |e author  |9 498658 
245 1 0 |a Anna Livia plurabelle: Finnegans Wake, I, VIII 
260 |a Madrid  |b Eds. Cátedra  |c 1992 
300 |a 181 p 
490 0 |a Colección Letras Universales, 178 
583 |a last modification  |c 19930825 00:00:00  |k Rodrigo Vera 
600 |a Joyce, James Augustine  |d 1882-1941  |9 476739 
852 |a BIBCUR 
942 |c BK  |2 ddc 
945 |d 19930825 00:00:00 
952 |0 0  |1 0  |4 0  |6 928_000000000000000_JOY_1992  |7 0  |8 P  |9 199313  |a BIBARQ  |b BIBARQ  |d 2019-11-14  |i 2666227  |o 928 JOY 1992  |p 2666227  |r 2025-01-20  |w 2019-11-14  |y BK  |k ARQ 
952 |0 0  |1 0  |4 0  |6 928_000000000000000_JOY_1992  |7 0  |8 A  |9 199314  |a BIBART  |b BIBART  |d 2019-11-14  |i 351885K  |o 928 JOY 1992  |p 351885K  |r 2025-03-13  |w 2019-11-14  |y BK  |k ART